01666nam a2200157 a 4500008004100000020001500041041000800056100003000064245006900094250001100163260003000174300001000204500009500214505118400309655001501493011117e2001 ag |||g |||| 000 j spa d a9879298020 aspa1 aItaliano, Carlos Cristian aImaginaciones del hemisferio derecho /cCarlos Cristian Italiano a1a ed. aSan Luis:bAnello;c2001. a73 p. aItaliano, C. C. (2001). Imaginaciones del hemisferio derecho. (1a ed.). San Luis : Anello. aEstudiar Anatomía pone en evidencia los claros límites que separan a un ser vivo de otro muerto. Cualquiera puede diferenciar cadáveres de personas vivas, aulas de estudios donde hay cuerpos en formol de una buena reunión de amigos. Esta es la historia de dos hermanos, ambos de aquí, de Argentina. Los dos nacieron hace más de cien años, ciento cincuenta, quizás más, aún conviven entre nosotros y es seguro que en algún momento los podremos ver. La terapia intensiva es un mundo difícil para vivir. No hago referencia solo al paciente o su familiar sino a aquellos que en ese lugar están obligados permanentemente a pregonar la importancia de la salud. Atravesó el féretro y la tierra sin dificultad. Cuando estuvo arriba era un figura mas recorriendo el cementerio. Notó que su chuequera no lo molestaba en absoluto y que, además, era imperceptible para las personas, quienes no se inmutaban si él las atravesaba deambulando. Normalmente yo no rechazaba a las arañas. Nunca me parecieron ofensivas y probablemente, a partir de una clase de biología en el Colegio Nacional de La Plata, comenzaron a resultarme francamente simpáticas.  aLiteratura